000 00686nam a2200241Ia 4500
003 OSt
005 20220928101803.0
006 a|||||r|||| 00| 0
007 ta
008 220927b |||||||| |||| 00| 0 eng d
024 _a26913
037 _cReference Collections
040 _aSDCL
_cSDCL
_beng
041 _2eng
_aeng
082 _aO-,1L92a, L5 RR
100 _aForman H Buxton
_9395135
245 0 _aShelley library.
260 _aLondon
_bShelley Society
_c1975
300 _a127p
_ccm.
650 _aShelley Percy Bysshe-Bibliography
_9395136
942 _hO-,1L92a, L5 RR
_cREF
_2CC
999 _c710772
_d710772